A History of Christianity in Africa: (Record no. 19364)

MARC details
000 -LEADER
fixed length control field 00489nam a22001577a 4500
008 - FIXED-LENGTH DATA ELEMENTS--GENERAL INFORMATION
fixed length control field 220705b |||||||| |||| 00| 0 eng d
020 ## - INTERNATIONAL STANDARD BOOK NUMBER
International Standard Book Number 0802808433
050 ## - LIBRARY OF CONGRESS CALL NUMBER
Classification number BR1360
Item number .I75 1995
100 ## - MAIN ENTRY--PERSONAL NAME
Personal name Isichei, Elizabeth
245 ## - TITLE STATEMENT
Title A History of Christianity in Africa:
Remainder of title from Antiquity to the Present/
Statement of responsibility, etc. Elizabeth Isichei
260 ## - PUBLICATION, DISTRIBUTION, ETC. (IMPRINT)
Place of publication, distribution, etc. New Jersey
Name of publisher, distributor, etc. Africa World Press
Date of publication, distribution, etc. 1995
300 ## - PHYSICAL DESCRIPTION
Extent xi, 420p.
650 ## - SUBJECT ADDED ENTRY--TOPICAL TERM
Topical term or geographic name as entry element Christianity
Geographic subdivision Africa
650 ## - SUBJECT ADDED ENTRY--TOPICAL TERM
Topical term or geographic name as entry element Africa
Form subdivision Church history
942 ## - ADDED ENTRY ELEMENTS (KOHA)
Source of classification or shelving scheme Library of Congress Classification
Koha item type General Collection
Holdings
Withdrawn status Lost status Source of classification or shelving scheme Not for loan Home library Current library Date acquired Cost, normal purchase price Total Checkouts Full call number Barcode Date last seen Price effective from Koha item type
    Library of Congress Classification   Kabarak, Main Campus Kabarak, Main Campus 05/07/2022 3250.00   BR1360 .I75 1995 c.1 031800 02/08/2024 05/07/2022 General Collection
    Library of Congress Classification   Kabarak, Main Campus Kabarak, Main Campus 05/07/2022 3250.00   BR1360 .I75 1995 c.2 031804 02/08/2024 05/07/2022 General Collection
    Library of Congress Classification   Kabarak, Main Campus Kabarak, Main Campus 05/07/2022 3250.00   BR1360 .I75 1995 c.3 031807 21/06/2025 05/07/2022 General Collection
Designed with assistance from East African Informatics Ltd